000 00658nam a2200253Ia 4500
003 OSt
005 20221006142952.0
006 a|||||r|||| 00| 0
007 ta
008 221006b |||||||| |||| 00| 0 eng d
020 _a9780241125151
_cP15.95
024 _a7,667
037 _cTextual
040 _aEASL
_cEASL
_beng
041 _2eng
_aeng
082 _aV42,1y7N01, M9
100 _aBEHR Edward
_9648840
245 0 _aHirohito
_b Behind the myth
260 _aLondon
_bHamish Hamilrton
_c1989
300 _a486p.
_ccm.
490 _v JEL
942 _hV42,1y7N01, M9
_cTEXL
_2CC
999 _c1075753
_d1075753